000 00436nam a22001577a 4500
005 20241113131154.0
008 241113b |||||||| |||| 00| 0 eng d
020 _a9788178844541
050 _aQC981
_b.8.G56 BAL
100 _aBALLAHH, PARIKSHIT
245 _aGLOBAL WARMING;
_bAN INTERNATIONAL EMERGING ISSUE
260 _aNEW DELHI
_bCYBER TECH PUBLICATIONS
_cc2009
300 _a280p
500 _aincludes index
942 _2lcc
_cBK
_n0
999 _c1115
_d1115